000 06242cam a22019814i 4500
003 PE-LiUPU
005 20250813165356.0
008 160802s2014 pe a rb 000 0 spa d
020 _a9786124147319
020 _a6124147319
035 _a(Sirsi) a162714
040 _aPE-LiUPU
_bspa
_cPE-LiUPU
_erda
082 0 4 _a627.12
_bR21
_220
100 1 _aRamos Taipe, Cayo Leonidas,
_eautor.
245 1 0 _aDiseño de estructuras hidráulicas I /
_cCayo Leonidas Ramos Taipe.
250 _aPrimera edición.
264 1 _aLima Perú :
_bfondo editorial,
_2014.
300 _a294 páginas :
_bilustaciones :
_c24 centimetros
336 _atext
_2rdacontent
337 _aunmediated
_2rdamedia
338 _avolume
_2rdacarrier
504 _aBibliografía : página 295.
505 0 _aGeneralidades -- Muros de contención -- Bocatoma -- Acueducto -- Sifón invertido -- Alcantarilla -- Rápidas -- Caídas -- Desarenador.
526 _aP203
526 _aP200
526 _aSEG65
526 _aSEG64
526 _aSEG63
526 _aSEG62
526 _aSEG61
526 _aSEG60
526 _aSEG59
526 _aSEG58
526 _aSEG57
526 _aSEG56
526 _aSEG55
526 _aSEG54
526 _aSEG53
526 _aSEG52
526 _aSEG51
526 _aSEG50
526 _aSEG49
526 _aSEG48
526 _aSEG47
526 _aSEG46
526 _aSEG24
526 _aSEG23
526 _aSEG22
526 _aSEG21
526 _aSEG20
526 _aSEG19
526 _aSEG18
526 _aSEG17
526 _aSEG16
526 _aSEG14
526 _aSEG13
526 _aSEG12
526 _aSEG11
526 _aSEG10
526 _aSEG09
526 _aSEG06
526 _aSEG05
526 _aSEG04
526 _aSEG03
526 _aSEG02
526 _aSEG68
526 _aSEG66
526 _aSEG45
526 _aSEG25
526 _aSEG01
526 _aP163
526 _aP162
526 _aP161
526 _aP160
526 _aP159
526 _aP158
526 _aP157
526 _aP156
526 _aP155
526 _aP154
526 _aP153
526 _aP152
526 _aP151
526 _aP150
526 _aP149
526 _aP142
526 _aP141
526 _aP140
526 _aP139
526 _aP138
526 _aP137
526 _aP132
526 _aP131
526 _aP130
526 _aP126
526 _aP125
526 _aP124
526 _aP123
526 _aP115
526 _aP122
526 _aP121
526 _aP116
526 _a P114
526 _aP112
526 _aP111
526 _aP104
526 _aP103
526 _aP102
526 _aP101
526 _aP100
526 _aP96
526 _aP95
526 _aP93
526 _aP92
526 _aP91
526 _aP88
526 _aP83
526 _aP82
526 _aP79
526 _aP78
526 _aP75
526 _aP74
526 _aP71
526 _aP69
526 _a P51
526 _aP49
526 _aP48
526 _aP47
526 _aP33
526 _aP31
526 _a P30
526 _aP29
526 _aP27
526 _aP26
526 _aP25
526 _aP24
526 _a P22
526 _aP10
526 _aP09
526 _a P08
526 _aP06
526 _aP05
526 _aP04
526 _aP01
541 _g001-0000119;
541 _g000-00000000;
650 0 4 _aEstructuras hidráulicas.
650 0 4 _aHydraulic structures.
910 _ajck
_bjos
_cjck
_d20160802
910 _adbm
_bksl
_cksl
_d20180620
910 _armch
_btqv
_cwelc
_d20180919
942 _2ddc
_cBOOK
949 _a627.12 R21
_wDEWEY
_c1
_i73492
_lCATALOGING
_mBUL
_p20
_r0
_sY
_tBOOK
_u12016-08-02
_xINGENIERIA
_PP25
_0COMPRA
_o.CIRCNOTE. El documento es de alto precio.
_o.STAFF. Colección General
949 _a627.12 R21
_wDEWEY
_c2
_i73493
_lCATALOGING
_mBUL
_p20
_r0
_sY
_tBOOK
_u12016-08-02
_xINGENIERIA
_PP25
_0COMPRA .STAFF. Colección General
949 _a627.12 R21 2014
_wDEWEY
_c1
_iFJ11669
_lCCODEBUJ1
_mBUJ
_p13.64
_r0
_sY
_tBOOK
_u2018-09-19
_xINGENIERIA
_PP25
_0COMPRA
_o.STAFF. Colección General Juliaca
949 _a627.12 R21 2014
_wDEWEY
_c2
_iFJ11670
_lCCODEBUJ1
_mBUJ
_p13.64
_r0
_sY
_tBOOK
_u2018-09-19
_xINGENIERIA
_PP25
_0COMPRA
_o.STAFF. Colección General Juliaca
949 _a627.12 R21 2014
_wDEWEY
_c3
_iFJ11671
_lCCODEBUJ1
_mBUJ
_p13.64
_r0
_sY
_tBOOK
_u2018-09-19
_xINGENIERIA
_PP25
_0COMPRA
_o.STAFF. Colección General Juliaca
994 _aC0
_bPEPRU
596 _a1 3
999 _a627.12 R21
_wDEWEY
_c11676
_i73492
_d11676
_e2018-5-11
_f2021-11-9
_g7
_lCCODEBUL1
_mBUL
_n6
_p20.00
_q5
_r0
_sY
_tBOOK
_u2016-8-2
_xINGENIERIA
_PP25
_0COMPRA
_o.STAFF. Colección general
999 _a627.12 R21
_wDEWEY
_c2
_i73493
_d2018-5-2
_e2018-4-26
_f2021-11-9
_g7
_lCCODEBUL1
_mBUL
_n2
_p20.00
_q2
_r0
_sY
_tBOOK
_u2016-8-2
_xINGENIERIA
_PP25
_0COMPRA
_o.STAFF. Colección general
999 _a627.12 R21
_wDEWEY
_c3
_i78855
_d2018-11-7
_f2021-11-9
_g4
_lCCODEBUL1
_mBUL
_p20.11
_q2
_r0
_sY
_tBOOK
_u2018-6-20
_xINGENIERIA
_PP25
_0COMPRA
_1FCOMPRA
_o.STAFF. Colección Ingeniería y Arquitectura
999 _a627.12 R21
_wDEWEY
_c4
_i78856
_f2021-11-9
_g4
_lCCODEBUL1
_mBUL
_p20.11
_r0
_sY
_tBOOK
_u2018-6-20
_xINGENIERIA
_PP25
_0COMPRA
_1FCOMPRA
_o.STAFF. Colección Ingeniería y Arquitectura
999 _a627.12 R21 2014
_wDEWEY
_c1
_iFJ11669
_d2019-11-28
_e2019-8-25
_f2022-1-26
_g3
_lCCODEBUJ1
_mBUJ
_n2
_p13.64
_q4
_r0
_sY
_tBOOK
_u2018-9-19
_xINGENIERIA
_PP25
_0COMPRA
_1FCOMPRA
_o.STAFF. Colección General Juliaca
999 _a627.12 R21 2014
_wDEWEY
_c2
_iFJ11670
_d2019-11-4
_e2019-3-17
_f2022-1-26
_g3
_lCCODEBUJ1
_mBUJ
_n2
_p13.64
_q5
_r0
_sY
_tBOOK
_u2018-9-19
_xINGENIERIA
_PP25
_0COMPRA
_1FCOMPRA
_o.STAFF. Colección General Juliaca
999 _a627.12 R21 2014
_wDEWEY
_c3
_iFJ11671
_d2019-11-25
_e2019-11-21
_f2022-1-26
_g3
_lCCODEBUJ1
_mBUJ
_n3
_p13.64
_q4
_r0
_sY
_tBOOK
_u2018-9-19
_xINGENIERIA
_PP25
_0COMPRA
_1FCOMPRA
_o.STAFF. Colección General Juliaca
980 _81
_gALBERTO SANCHEZ Responsable de Automatización